|
|
|
|
| LEADER |
00000nam2a2200000 4500 |
| 001 |
274448 |
| 005 |
20231101234729.0 |
| 035 |
|
|
|a (RuTPU)RU\TPU\book\297658
|
| 035 |
|
|
|a RU\TPU\book\277274
|
| 090 |
|
|
|a 274448
|
| 100 |
|
|
|a 20141105d1985 m y0rusy50 ca
|
| 101 |
0 |
|
|a rus
|
| 102 |
|
|
|a RU
|
| 105 |
|
|
|a a z 000zy
|
| 200 |
0 |
|
|a Вып. 90
|f сост. Н. Ф. Назаров
|
| 210 |
|
|
|d 1985
|
| 215 |
|
|
|a 79 с.
|c ил.
|
| 461 |
|
1 |
|0 (RuTPU)RU\TPU\book\199930
|t В помощь радиолюбителю
|o сборник
|v Вып. 90
|d 1956-1992
|
| 606 |
1 |
|
|a Радиолюбительство
|2 stltpush
|3 (RuTPU)RU\TPU\subj\22850
|9 47536
|
| 610 |
1 |
|
|a электромеханические преобразователи
|
| 610 |
1 |
|
|a частота
|
| 610 |
1 |
|
|a сдвиг
|
| 610 |
1 |
|
|a устройства
|
| 610 |
1 |
|
|a зажигание
|
| 610 |
1 |
|
|a конденсаторные установки
|
| 610 |
1 |
|
|a системы зажигания
|
| 610 |
1 |
|
|a антенные усилители
|
| 610 |
1 |
|
|a дециметровые волны
|
| 675 |
|
|
|a 621.396
|v 3
|
| 702 |
|
1 |
|a Назаров
|b Н. Ф.
|4 220
|
| 801 |
|
1 |
|a RU
|b 63413507
|c 20140324
|
| 801 |
|
2 |
|a RU
|b 63413507
|c 20160314
|g RCR
|
| 942 |
|
|
|c BK
|